000 00376nam a22001217a 4500
082 _a200 THE
100 _aABDUL BASIT
_970446
245 _aTH-SOF-1018-FMRI BASED DIAGNOSIS OF EPILEPSY USING FUNCTIONAL DIFFERENCES OF BRAIN
260 _aISLAMABAD
_bNUST COLLEGE OF EME
_c2014
650 _aMS-COMPUTER ENGINEERING-73 MSTHESIS
700 _aDR ALI HASSAN
_916058
942 _cCF
999 _c577424
_d577424